000 00618nam a22001577a 4500
008 210503b ||||| |||| 00| 0 eng d
020 _a9780367475451
082 _a959 RIG
100 _aRigg, Jonathan
245 _aSoutheast Asia : a region in transition :
_ba thematic human geography of the ASEAN region
260 _aLondon ; Boston :
_bUnwin Hyman,
_c1991.
300 _axxi, 267 p. :
_bill., maps ;
_c25 cm.
500 _aIncludes bibliographical references (p. 234-260) and index.
650 _aHuman geography--Southeast Asia. Southeast Asia--Geography. Southeast Asia--Economic conditions.
942 _2ddc
999 _c8710
_d8711